Educational psychology for Teachers (Record no. 3384)

MARC details
005 - DATE AND TIME OF LATEST TRANSACTION
control field 20250610071307.0
020 ## - INTERNATIONAL STANDARD BOOK NUMBER
International Standard Book Number 9789976404418
082 ## - DEWEY DECIMAL CLASSIFICATION NUMBER
Classification number 370.15 OMA
100 ## - MAIN ENTRY--PERSONAL NAME
Author name OMARY,M.
245 ## - TITLE STATEMENT
Title Educational psychology for Teachers
250 ## - EDITION STATEMENT
Edition statement 2nd Ed.
260 ## - PUBLICATION, DISTRIBUTION, ETC.
Place of publication, distribution, etc. Dodoma
Name of publisher, distributor, etc. Oxford University Press
Date of publication, distribution, etc. 2011
300 ## - PHYSICAL DESCRIPTION
Extent xii,348p.; ill.,table,pictures
Other physical details Index & reference
Dimensions 23cm.
942 ## - ADDED ENTRY ELEMENTS (KOHA)
Source of classification or shelving scheme Dewey Decimal Classification
Koha item type Books
Holdings
Date last seen Total checkouts Full call number Barcode Cost, replacement price Price effective from Koha item type Lost status Source of classification or shelving scheme Damaged status Not for loan Withdrawn status Home library Current library Shelving location Date acquired Cost, normal purchase price
06/07/2025   370.15 OMA DOM0001756 52500.00 06/07/2025 Books   Dewey Decimal Classification       CBE Dodoma CBE Dodoma Special Reserve Collection 01/06/2020 17500.00
06/10/2025   370.15 OMA DOM0001765 52500.00 06/07/2025 Books   Dewey Decimal Classification       CBE Dodoma CBE Dodoma Special Reserve Collection 06/01/2020 17500.00
06/19/2025   370.15 OMA DOM0001757 52500.00 06/19/2025 Books   Dewey Decimal Classification       CBE Dodoma CBE Dodoma Special Reserve Collection 06/01/2020 17500.00